000 00483nam a2200181Ia 4500
003 GCL
008 140319s9999 xx 000 0 eng d
040 _aGCL /
_cGCL
082 0 4 _a747.747
_bG A
100 1 _aGREY, JOHNNEY
245 1 0 _aTHE ART OF KITCHEN DESIGN: PLANNING FOR COMFORT AND STYLE /
_cGREY, JOHNNEY
260 _a[S.N] :
_bCASSELL ،
_c1996
300 _a176 P
650 0 4 _aINTERIOR DECORATION
650 0 4 _aARTS
650 0 4 _aKITCHEN - DESIGN
942 _2ddc
_cBK
999 _c15702
_d15702